<?xml version="1.0" encoding="UTF-8"?>
<record
    xmlns:xsi="http://www.w3.org/2001/XMLSchema-instance"
    xsi:schemaLocation="http://www.loc.gov/MARC21/slim http://www.loc.gov/standards/marcxml/schema/MARC21slim.xsd"
    xmlns="http://www.loc.gov/MARC21/slim">

  <leader>00542nam a22001577a 4500</leader>
  <controlfield tag="003">OSt</controlfield>
  <controlfield tag="005">20150911144211.0</controlfield>
  <controlfield tag="008">150911b        xxu||||| |||| 00| 0 eng d</controlfield>
  <datafield tag="040" ind1=" " ind2=" ">
    <subfield code="c">RUA </subfield>
  </datafield>
  <datafield tag="082" ind1=" " ind2=" ">
    <subfield code="a">AGR &#x1793;&#x17C5; 1995 B014 Or.1</subfield>
  </datafield>
  <datafield tag="100" ind1=" " ind2=" ">
    <subfield code="9">289</subfield>
    <subfield code="a">&#x1793;&#x17C5; &#x179F;&#x17CA;&#x17B8;&#x1793;&#x17B7;&#x178F;</subfield>
  </datafield>
  <datafield tag="245" ind1=" " ind2=" ">
    <subfield code="a">&#x1780;&#x17B6;&#x179A;&#x1794;&#x1784;&#x17D2;&#x1780;&#x17BE;&#x1793;&#x1787;&#x17B8;&#x1787;&#x17B6;&#x178F;&#x17B7;&#x178A;&#x17C4;&#x1799;&#x1794;&#x17D2;&#x179A;&#x17BE;&#x1787;&#x17B8;&#x179F;&#x17D2;&#x179A;&#x179B;&#x17CB;&#x179B;&#x17BE;&#x178A;&#x17C6;&#x178E;&#x17B6;&#x17C6;&#x179F;&#x17D2;&#x179A;&#x17BC;&#x179C;&#x1793;&#x17C5;&#x1781;&#x17C1;&#x178F;&#x17D2;&#x178F;&#x1796;&#x17C4;&#x1792;&#x17B7;&#x17CD;&#x179F;&#x17B6;&#x178F;</subfield>
  </datafield>
  <datafield tag="260" ind1=" " ind2=" ">
    <subfield code="a">Phnom Penh </subfield>
    <subfield code="b">RUA</subfield>
    <subfield code="c">1995</subfield>
  </datafield>
  <datafield tag="300" ind1=" " ind2=" ">
    <subfield code="a">68p.</subfield>
    <subfield code="b">ill.</subfield>
    <subfield code="c">29cm.</subfield>
  </datafield>
  <datafield tag="942" ind1=" " ind2=" ">
    <subfield code="2">ddc</subfield>
    <subfield code="c">AGR</subfield>
  </datafield>
  <datafield tag="999" ind1=" " ind2=" ">
    <subfield code="c">268</subfield>
    <subfield code="d">268</subfield>
  </datafield>
  <datafield tag="952" ind1=" " ind2=" ">
    <subfield code="0">0</subfield>
    <subfield code="1">0</subfield>
    <subfield code="2">ddc</subfield>
    <subfield code="4">0</subfield>
    <subfield code="6">AGR_&#x1793;&#x17C5;_1995_000000000000000_B014_OR_1</subfield>
    <subfield code="7">0</subfield>
    <subfield code="9">1175</subfield>
    <subfield code="a">LBB</subfield>
    <subfield code="b">LBB</subfield>
    <subfield code="c">B014</subfield>
    <subfield code="d">2015-09-11</subfield>
    <subfield code="o">AGR &#x1793;&#x17C5; 1995 B014 Or.1</subfield>
    <subfield code="p">RUA004426</subfield>
    <subfield code="r">2015-09-11</subfield>
    <subfield code="w">2015-09-11</subfield>
    <subfield code="y">AGR</subfield>
  </datafield>
  <datafield tag="952" ind1=" " ind2=" ">
    <subfield code="0">0</subfield>
    <subfield code="1">0</subfield>
    <subfield code="2">ddc</subfield>
    <subfield code="4">0</subfield>
    <subfield code="6">AGR_&#x1793;&#x17C5;_1995_000000000000000_B014_OR_2</subfield>
    <subfield code="7">0</subfield>
    <subfield code="9">1176</subfield>
    <subfield code="a">LBB</subfield>
    <subfield code="b">LBB</subfield>
    <subfield code="c">B014</subfield>
    <subfield code="d">2015-09-11</subfield>
    <subfield code="o">AGR &#x1793;&#x17C5; 1995 B014 Or.2</subfield>
    <subfield code="p">RUA004354</subfield>
    <subfield code="r">2015-09-11</subfield>
    <subfield code="w">2015-09-11</subfield>
    <subfield code="y">AGR</subfield>
  </datafield>
  <datafield tag="952" ind1=" " ind2=" ">
    <subfield code="0">0</subfield>
    <subfield code="1">0</subfield>
    <subfield code="2">ddc</subfield>
    <subfield code="4">0</subfield>
    <subfield code="6">AGR_&#x1793;&#x17C5;_1995_000000000000000_B014_OR_3</subfield>
    <subfield code="7">0</subfield>
    <subfield code="9">1177</subfield>
    <subfield code="a">LBB</subfield>
    <subfield code="b">LBB</subfield>
    <subfield code="c">B014</subfield>
    <subfield code="d">2015-09-11</subfield>
    <subfield code="o">AGR &#x1793;&#x17C5; 1995 B014 Or.3</subfield>
    <subfield code="p">RUA004129</subfield>
    <subfield code="r">2015-09-11</subfield>
    <subfield code="w">2015-09-11</subfield>
    <subfield code="y">AGR</subfield>
  </datafield>
  <datafield tag="952" ind1=" " ind2=" ">
    <subfield code="0">0</subfield>
    <subfield code="1">0</subfield>
    <subfield code="2">ddc</subfield>
    <subfield code="4">0</subfield>
    <subfield code="6">AGR_&#x1793;&#x17C5;_1995_000000000000000_B014_OR_4</subfield>
    <subfield code="7">0</subfield>
    <subfield code="9">1178</subfield>
    <subfield code="a">LBB</subfield>
    <subfield code="b">LBB</subfield>
    <subfield code="c">B014</subfield>
    <subfield code="d">2015-09-11</subfield>
    <subfield code="o">AGR &#x1793;&#x17C5; 1995 B014 Or.4</subfield>
    <subfield code="p">RUA004274</subfield>
    <subfield code="r">2015-09-11</subfield>
    <subfield code="w">2015-09-11</subfield>
    <subfield code="y">AGR</subfield>
  </datafield>
  <datafield tag="952" ind1=" " ind2=" ">
    <subfield code="0">0</subfield>
    <subfield code="1">0</subfield>
    <subfield code="2">ddc</subfield>
    <subfield code="4">0</subfield>
    <subfield code="6">AGR_&#x1793;&#x17C5;_1995_000000000000000_B014_OR_5</subfield>
    <subfield code="7">0</subfield>
    <subfield code="9">1179</subfield>
    <subfield code="a">LBB</subfield>
    <subfield code="b">LBB</subfield>
    <subfield code="c">B014</subfield>
    <subfield code="d">2015-09-11</subfield>
    <subfield code="l">2</subfield>
    <subfield code="o">AGR &#x1793;&#x17C5; 1995 B014 Or.5</subfield>
    <subfield code="p">RUA004210</subfield>
    <subfield code="r">2022-02-22</subfield>
    <subfield code="s">2022-02-08</subfield>
    <subfield code="w">2015-09-11</subfield>
    <subfield code="y">AGR</subfield>
  </datafield>
  <datafield tag="952" ind1=" " ind2=" ">
    <subfield code="0">0</subfield>
    <subfield code="1">0</subfield>
    <subfield code="2">ddc</subfield>
    <subfield code="4">0</subfield>
    <subfield code="6">AGR_&#x1793;&#x17C5;_1995_000000000000000_B014_OR_6</subfield>
    <subfield code="7">0</subfield>
    <subfield code="9">1180</subfield>
    <subfield code="a">LBB</subfield>
    <subfield code="b">LBB</subfield>
    <subfield code="c">B014</subfield>
    <subfield code="d">2015-09-11</subfield>
    <subfield code="o">AGR &#x1793;&#x17C5; 1995 B014 Or.6</subfield>
    <subfield code="p">RUA004131</subfield>
    <subfield code="r">2015-09-11</subfield>
    <subfield code="w">2015-09-11</subfield>
    <subfield code="y">AGR</subfield>
  </datafield>
  <datafield tag="952" ind1=" " ind2=" ">
    <subfield code="0">0</subfield>
    <subfield code="1">0</subfield>
    <subfield code="2">ddc</subfield>
    <subfield code="4">0</subfield>
    <subfield code="6">AGR_&#x1793;&#x17C5;_1995_000000000000000_B014_OR_7</subfield>
    <subfield code="7">0</subfield>
    <subfield code="9">1181</subfield>
    <subfield code="a">LBB</subfield>
    <subfield code="b">LBB</subfield>
    <subfield code="c">B014</subfield>
    <subfield code="d">2015-09-11</subfield>
    <subfield code="o">AGR &#x1793;&#x17C5; 1995 B014 Or.7</subfield>
    <subfield code="p">RUA004012</subfield>
    <subfield code="r">2015-09-11</subfield>
    <subfield code="w">2015-09-11</subfield>
    <subfield code="y">AGR</subfield>
  </datafield>
  <datafield tag="952" ind1=" " ind2=" ">
    <subfield code="0">0</subfield>
    <subfield code="1">0</subfield>
    <subfield code="2">ddc</subfield>
    <subfield code="4">0</subfield>
    <subfield code="6">AGR_&#x1793;&#x17C5;_1995_000000000000000_B014_OR_8</subfield>
    <subfield code="7">0</subfield>
    <subfield code="9">1182</subfield>
    <subfield code="a">LBB</subfield>
    <subfield code="b">LBB</subfield>
    <subfield code="c">B014</subfield>
    <subfield code="d">2015-09-11</subfield>
    <subfield code="o">AGR &#x1793;&#x17C5; 1995 B014 Or.8</subfield>
    <subfield code="p">RUA004127</subfield>
    <subfield code="r">2015-09-11</subfield>
    <subfield code="w">2015-09-11</subfield>
    <subfield code="y">AGR</subfield>
  </datafield>
  <datafield tag="952" ind1=" " ind2=" ">
    <subfield code="0">0</subfield>
    <subfield code="1">0</subfield>
    <subfield code="2">ddc</subfield>
    <subfield code="4">0</subfield>
    <subfield code="6">AGR_&#x1793;&#x17C5;_1995_000000000000000_B014_OR_9</subfield>
    <subfield code="7">0</subfield>
    <subfield code="9">1183</subfield>
    <subfield code="a">LBB</subfield>
    <subfield code="b">LBB</subfield>
    <subfield code="c">B014</subfield>
    <subfield code="d">2015-09-11</subfield>
    <subfield code="o">AGR &#x1793;&#x17C5; 1995 B014 Or.9</subfield>
    <subfield code="p">RUA003370</subfield>
    <subfield code="r">2015-09-11</subfield>
    <subfield code="w">2015-09-11</subfield>
    <subfield code="y">AGR</subfield>
  </datafield>
</record>
